Statistics for Premier League Players By Letter - I

Click here to take the quiz!

General Stats

  • This quiz has been taken 170 times
  • The average score is 6 of 9

Answer Stats

First NameSurnameClub% Correct
DannyIngsLiverpool
90%
BranislavIvanovicChelsea
90%
JordonIbeLiverpool
75%
KelechiIheanachoManchester City
75%
OdionIghaloWatford
70%
GökhanInlerLeicester City
68%
AlexIwobiArsenal
68%
StephenIrelandStoke City
58%
VictorIbarboWatford
23%

Score Distribution

Percentile by Number Answered

Percent of People with Each Score

Your Score History

You have not taken this quiz